000 00734nam a22002057a 4500
003 OSt
005 20251120083936.0
008 251120b |||||||| |||| 00| 0 eng d
020 _a9789718974131
040 _aDWCL-Admin lib
_cOC
082 _aFil. 351.076 S194c 2011
100 _aSan Jose-Pangan, Marina T.
245 _a Career service examination reviewer : professiona/ sub-professional levels /
_cMarina T. San Jose-Pangan
260 _a [name of publication not identified] :
_b[name of publisher not identified],
_cc2011.
300 _a vi, 104 pages ;
_c28 cm.
650 _a1. Civil service-Examinations.
650 _a2. Civil service-Philippines.
700 _aNovales, Mamerto D.
942 _2ddc
_cBK - FIL
_kFil.
_n0
999 _c5835
_d5835